000
00258nam a22001217a 4500
003
SGT
082
_a
530,SIN
100
_a
SINGH, SP
245
_a
ADVANCE PRACTICAL PHYSICS
260
_a
NEW DELHI
_b
PRAGATI PRAKASHAN
_c
2010
300
_a
464
942
_2
ddc
_c
BK
999
_c
32200
_d
32200